<?xml version="1.0" encoding="UTF-8"?>
<record
    xmlns:xsi="http://www.w3.org/2001/XMLSchema-instance"
    xsi:schemaLocation="http://www.loc.gov/MARC21/slim http://www.loc.gov/standards/marcxml/schema/MARC21slim.xsd"
    xmlns="http://www.loc.gov/MARC21/slim">

  <leader>05356nam a2200517 i 4500</leader>
  <controlfield tag="001">34319</controlfield>
  <controlfield tag="003">FINmELB</controlfield>
  <controlfield tag="005">20241216220909.0</controlfield>
  <controlfield tag="006">m     o  u        </controlfield>
  <controlfield tag="007">cr cn|||||||||</controlfield>
  <controlfield tag="008">200710s2015    mx ab   ob    100 0 spa d</controlfield>
  <datafield tag="020" ind1=" " ind2=" ">
    <subfield code="a">9781512977141</subfield>
    <subfield code="q">(e-book)</subfield>
  </datafield>
  <datafield tag="020" ind1=" " ind2=" ">
    <subfield code="z">9786078348862</subfield>
  </datafield>
  <datafield tag="035" ind1=" " ind2=" ">
    <subfield code="a">(OCoLC)1165368347</subfield>
  </datafield>
  <datafield tag="040" ind1=" " ind2=" ">
    <subfield code="a">FINmELB</subfield>
    <subfield code="b">spa</subfield>
    <subfield code="e">rda</subfield>
    <subfield code="c">FINmELB</subfield>
  </datafield>
  <datafield tag="043" ind1=" " ind2=" ">
    <subfield code="a">n-mx---</subfield>
  </datafield>
  <datafield tag="050" ind1="0" ind2="0">
    <subfield code="a">F1210</subfield>
    <subfield code="b">.C6645 2015</subfield>
  </datafield>
  <datafield tag="080" ind1=" " ind2=" ">
    <subfield code="a">338.483.13</subfield>
  </datafield>
  <datafield tag="082" ind1="0" ind2="0">
    <subfield code="a">363.69098</subfield>
    <subfield code="2">23</subfield>
  </datafield>
  <datafield tag="110" ind1="2" ind2=" ">
    <subfield code="a">Congreso Internacional sobre Experiencias en la Salvaguardia del Patrimonio Cultural Inmaterial</subfield>
    <subfield code="n">(2nd :</subfield>
    <subfield code="d">2013 :</subfield>
    <subfield code="c">Zacatecas, Zacatecas, Mexico)</subfield>
  </datafield>
  <datafield tag="245" ind1="1" ind2="0">
    <subfield code="a">Experiencias de salvaguardia del patrimonio cultural inmaterial :</subfield>
    <subfield code="b">nuevas miradas /</subfield>
    <subfield code="c">Cristina Amescua Ch&#xE1;vez e Hilario Topete Lara (coordinadores).</subfield>
  </datafield>
  <datafield tag="264" ind1=" " ind2="1">
    <subfield code="a">M&#xE9;xico, D. F. :</subfield>
    <subfield code="b">Bonilla Artigas Editores ;</subfield>
    <subfield code="a">Cuernavaca, Morelos :</subfield>
    <subfield code="b">Universidad Nacional Aut&#xF3;noma de M&#xE9;xico, Centro Regional de Investigaciones Multidisciplinarias,</subfield>
    <subfield code="c">2015.</subfield>
  </datafield>
  <datafield tag="300" ind1=" " ind2=" ">
    <subfield code="a">1 recurso en l&#xED;nea (481 p&#xE1;ginas) :</subfield>
    <subfield code="b">ilustraciones, mapa</subfield>
  </datafield>
  <datafield tag="336" ind1=" " ind2=" ">
    <subfield code="a">texto</subfield>
    <subfield code="b">txt</subfield>
    <subfield code="2">rdacontent/spa</subfield>
  </datafield>
  <datafield tag="337" ind1=" " ind2=" ">
    <subfield code="a">computadora</subfield>
    <subfield code="b">c</subfield>
    <subfield code="2">rdamedia/spa</subfield>
  </datafield>
  <datafield tag="338" ind1=" " ind2=" ">
    <subfield code="a">recurso en l&#xED;nea</subfield>
    <subfield code="b">cr</subfield>
    <subfield code="2">rdacarrier/spa</subfield>
  </datafield>
  <datafield tag="490" ind1="0" ind2=" ">
    <subfield code="a">P&#xFA;blica social ;</subfield>
    <subfield code="v">12</subfield>
  </datafield>
  <datafield tag="504" ind1=" " ind2=" ">
    <subfield code="a">Incluye referencias bibliogr&#xE1;ficas.</subfield>
  </datafield>
  <datafield tag="505" ind1="0" ind2=" ">
    <subfield code="a">Revisi&#xF3;n de una d&#xE9;cada de literatura sobre el patrimonio cultural inmaterial / Cristina Amescua Ch&#xE1;vez -- Cat&#xE1;logo digital del patrimono cultural del estado de Quer&#xE9;taro : patrimonio quereterano, riqueza, memoria y diversidad / Diego Prieto y Alejandro V&#xE1;zquez Estrada -- Puntos de partida y quehaceres del Archivo de la Palabra / Hilario Topete Lara -- Proceso de creaci&#xF3;n de documentos y archivos de tradici&#xF3;n oral para la salvaguardia del PCI / Luis Francisco Rivero y Silvia Guillermina Garc&#xED;a -- Creaci&#xF3;n del cuadro de clasificaci&#xF3;n como medio de preservaci&#xF3;n de la pirekua en a regi&#xF3;n p'urh&#xE9;pecha de Charapan, Michoac&#xE1;n / Evelyn de Jes&#xFA;s Olmedo y Guillermo Cort&#xE9;s -- Estrategia para la documentaci&#xF3;n de una expresi&#xF3;n de religiosidad popular : el caso de Santa Cruz Acalpixca, Xochimilco / Juan Carlos Montes Rodr&#xED;guez y Montserrat Rebollo -- Salvaguardia del patrimonio cultural inmaterial : el Tendido de Cristos en San Mart&#xED;n de Hidalgo, Jalisco / Armando M&#xE9;ndez, F&#xE1;tima Besab&#xE9; Mendoza [y] Eduardo Ram&#xED;rez L&#xF3;pez -- Divulgaci&#xF3;n del patrimonio intangible musical del mundo a trav&#xE9;s de la colecci&#xF3;n musical del Museo Nacional de las Culturas-INAH, M&#xE9;xico / Iskra A. Rojo Negrete -- Estrateg&#xED;as de preservaci&#xF3;n del danz&#xF3;n desde la sociedad civil / Anaid Yolatl Ch&#xE1;vez -- Acervos en movimiento / Amparo Sevilla -- La representaci&#xF3;n del patrimonio inmaterial en los documentadores del "Archivo de la Palabra voz y eco de los pueblos originarios de la Mixteca / Carolina Buenrostro -- Museos y patromonio inmaterial : recorridos y propuestas / Luisa Fernanda Rico -- El espacio festivo como patrimonio cultural inmaterial : una propuesta transdisciplinar&#xED;a / Estela Vega -- La fiesta de San Agust&#xED;n Obispo en Tepactec, Hidalgo : pol&#xED;ticas culturales de salvaguardia y gesti&#xF3;n del PCI / Jes&#xFA;s Mendoza -- La celebraci&#xF3;n del carnaval en Morelos : resistencia e identidad (el origen de la danza del chinelo) / Armando Josu&#xE9; L&#xF3;pez -- El pan de muerto : una pr&#xE1;ctica culinaria en los municipios de Genaro C&#xF3;dina, ciuad Cuauht&#xE9;moc, Pinos y Zacatecas / Mar&#xED;a Magdalena Calcanaz -- El sabor de una tradici&#xF3;n : la perviviencia de la porcicultura en La Piedad, Michoac&#xE1;n / Adriana Mac&#xED;as -- Los carpinteros de ribera y la construcci&#xF3;n de embarcaciones tradicionales en Xochimilco : el conocimiento naval lacustre como un patrimonio en riesgo / Gabriel Francia, Rodrigo Vega, Jorge Manuel Herrera, Luis Torres y Luz Elena G&#xF3;mez Cervantes -- Pascual Osorio : el personaje picaro del PCI local de Santa Catarina Tayata, Oaxaca / Carlos Antonio Lara -- Ex mineros de la Compa&#xF1;&#xED;a Real del Monte y Pachuca : la historia de los obreros "sin voz" (1920-1940) / Norma Janeth Hern&#xE1;ndez -- La educaci&#xF3;n patrimonial : entre el objeto y el sujeto : una apuesta transdisciplinaria / Valentina Cant&#xF3;n.</subfield>
  </datafield>
  <datafield tag="588" ind1=" " ind2=" ">
    <subfield code="a">Descripci&#xF3;n basada en metadatos suministrados por el editor y otras fuentes.</subfield>
  </datafield>
  <datafield tag="590" ind1=" " ind2=" ">
    <subfield code="a">Recurso electr&#xF3;nico. Santa Fe, Arg.: elibro, 2019. Disponible v&#xED;a World Wide Web. El acceso puede estar limitado para las bibliotecas afiliadas a elibro.</subfield>
  </datafield>
  <datafield tag="650" ind1=" " ind2="0">
    <subfield code="a">Cultural property</subfield>
    <subfield code="x">Protection</subfield>
    <subfield code="z">Mexico</subfield>
    <subfield code="v">Congresses.</subfield>
  </datafield>
  <datafield tag="650" ind1=" " ind2="0">
    <subfield code="a">Intangible property</subfield>
    <subfield code="x">Protection</subfield>
    <subfield code="z">Mexico</subfield>
    <subfield code="v">Congresses.</subfield>
  </datafield>
  <datafield tag="650" ind1=" " ind2="0">
    <subfield code="a">Intangible property</subfield>
    <subfield code="x">Government policy</subfield>
    <subfield code="z">Mexico</subfield>
    <subfield code="v">Congresses.</subfield>
  </datafield>
  <datafield tag="650" ind1=" " ind2="0">
    <subfield code="a">Oral tradition</subfield>
    <subfield code="x">Protection</subfield>
    <subfield code="z">Mexico</subfield>
    <subfield code="v">Congresses.</subfield>
  </datafield>
  <datafield tag="650" ind1=" " ind2="4">
    <subfield code="a">Bienes culturales</subfield>
    <subfield code="x">Protecci&#xF3;n</subfield>
    <subfield code="z">M&#xE9;xico</subfield>
    <subfield code="v">Congresos.</subfield>
  </datafield>
  <datafield tag="650" ind1=" " ind2="4">
    <subfield code="a">Propiedad intangible</subfield>
    <subfield code="x">Protecci&#xF3;n</subfield>
    <subfield code="z">M&#xE9;xico</subfield>
    <subfield code="v">Congresos.</subfield>
  </datafield>
  <datafield tag="650" ind1=" " ind2="4">
    <subfield code="a">Propiedad intangible</subfield>
    <subfield code="x">Pol&#xED;tica gubernamental</subfield>
    <subfield code="z">M&#xE9;xico</subfield>
    <subfield code="v">Congresos.</subfield>
  </datafield>
  <datafield tag="650" ind1=" " ind2="4">
    <subfield code="a">Tradici&#xF3;n oral</subfield>
    <subfield code="x">Protecci&#xF3;n</subfield>
    <subfield code="z">M&#xE9;xico</subfield>
    <subfield code="v">Congresos.</subfield>
  </datafield>
  <datafield tag="655" ind1=" " ind2="4">
    <subfield code="a">Libros electr&#xF3;nicos.</subfield>
  </datafield>
  <datafield tag="700" ind1="1" ind2=" ">
    <subfield code="a">Amescua Ch&#xE1;vez, Cristina,</subfield>
    <subfield code="e">editor.</subfield>
  </datafield>
  <datafield tag="700" ind1="1" ind2=" ">
    <subfield code="a">Topete Lara, Hilario,</subfield>
    <subfield code="e">editor.</subfield>
  </datafield>
  <datafield tag="710" ind1="2" ind2=" ">
    <subfield code="a">Universidad Nacional Aut&#xF3;noma de M&#xE9;xico.</subfield>
    <subfield code="b">Centro Regional de Investigaciones Multidisciplinarias.</subfield>
  </datafield>
  <datafield tag="797" ind1="2" ind2=" ">
    <subfield code="a">elibro, Corp.</subfield>
  </datafield>
  <datafield tag="856" ind1="4" ind2="0">
    <subfield code="u">https://elibro.net/ereader/politecnicointernacional/121674</subfield>
  </datafield>
  <datafield tag="999" ind1=" " ind2=" ">
    <subfield code="c">34319</subfield>
    <subfield code="d">34319</subfield>
  </datafield>
</record>
